PLEASE STOP LAUGHING AT US: (Record no. 9997)
[ view plain ]
| 000 -LEADER | |
|---|---|
| fixed length control field | 00657nam a22001817a 4500 |
| 003 - CONTROL NUMBER IDENTIFIER | |
| control field | OSt |
| 005 - DATE AND TIME OF LATEST TRANSACTION | |
| control field | 20260324130337.0 |
| 008 - FIXED-LENGTH DATA ELEMENTS--GENERAL INFORMATION | |
| fixed length control field | 260324b |||||||| |||| 00| 0 eng d |
| 010 ## - LIBRARY OF CONGRESS CONTROL NUMBER | |
| LC control number | 2007041586 |
| 020 ## - INTERNATIONAL STANDARD BOOK NUMBER | |
| International Standard Book Number | 1933771291 (alk. paper) |
| 040 ## - CATALOGING SOURCE | |
| Transcribing agency | BENBELLA BOOKS |
| 050 ## - LIBRARY OF CONGRESS CALL NUMBER | |
| Classification number | LB 3013.32 .B53 2007 |
| Item number | .B53 2007 |
| 245 ## - TITLE STATEMENT | |
| Title | PLEASE STOP LAUGHING AT US: |
| Remainder of title | ONE SURVIVOR'S EXTRAORDINARY QUEST TO PREVENT SCHOOL BULLYING |
| Statement of responsibility, etc. | BLANCO, JODEE |
| 250 ## - EDITION STATEMENT | |
| Edition statement | 1ST EDITION |
| 260 ## - PUBLICATION, DISTRIBUTION, ETC. | |
| Place of publication, distribution, etc. | DALLAS , TEXAS: |
| Name of publisher, distributor, etc. | BENBELLA BOOKS ,INC, |
| Date of publication, distribution, etc. | 2007 |
| 300 ## - PHYSICAL DESCRIPTION | |
| Extent | xxiii, 443 pages, |
| Other physical details | hardcover, includes bibliographic references and index, |
| Dimensions | ill. :col.;21.5cm |
| 942 ## - ADDED ENTRY ELEMENTS (KOHA) | |
| Source of classification or shelving scheme | Library of Congress Classification |
| Koha item type | Books |
| Edition | 1st ed. |
| Suppress in OPAC | No |
| Withdrawn status | Lost status | Source of classification or shelving scheme | Damaged status | Not for loan | Home library | Current library | Date acquired | Total checkouts | Full call number | Barcode | Date last seen | Price effective from | Koha item type |
|---|---|---|---|---|---|---|---|---|---|---|---|---|---|
| Library of Congress Classification | PIU Library | Main Library | 03/24/2026 | PIUDLMUR973 | LB 3013.32 .B53 2007 | 03/24/2026 | 03/24/2026 | Books |